书目信息 |
| 题名: |
发展计划
|
|
| 作者: | Lewis , 刘易斯 著 ;何宝玉 译 | |
| 分册: | ||
| 出版信息: | 北京 北京经济学院出版社 1988.5 |
|
| 页数: | 280页 | |
| 开本: | 20厘米 | |
| 丛书名: | 诺贝尔经济学奖获得者著作丛书 | |
| 单 册: | ||
| 中图分类: | F21 | |
| 科图分类: | ||
| 主题词: | 经济计划 | |
| 电子资源: | ||
| ISBN: | 7-5638-0013-1 | |
| 000 | 00864nam2 2200289 45 | |
| 001 | 0189026955 | |
| 005 | 20040425110238.1 | |
| 010 | @a7-5638-0013-1@dCNY3.15 | |
| 020 | @aCN@b89026955 | |
| 100 | @a19911017d1988 m y0chiy0120 ea | |
| 101 | 1 | @achi@ceng |
| 102 | @aCN@b110000 | |
| 105 | @ay z 000yy | |
| 106 | @ar | |
| 200 | 10 | @a发展计划@Afa zhan ji hua@f(美)刘易斯(Lewis,W.A.)著@F( mei ) liu yi si (Lewis,W.A.) zhu@g何宝玉译 |
| 210 | @a北京@c北京经济学院出版社@d1988.5 | |
| 215 | @a280页@d20厘米 | |
| 225 | 2 | @a诺贝尔经济学奖获得者著作丛书 |
| 410 | 0 | @120010@a诺贝尔经济学奖获奖者著作丛书 |
| 540 | 1 | @a发展 计划@Afa zhan ji hua |
| 606 | 0 | @a经济计划 |
| 690 | @aF21 | |
| 701 | A1 | @aLewis@bW.A.@4著 |
| 701 | 1 | @a刘易斯@Aliu yi si@bW.A.@4著 |
| 702 | 0 | @a何宝玉@Ahe bao yu@4译 |
| 801 | 0 | @aCN@bNLC@c19911017 |
| 905 | @f2@b257443-444@dF21@e38 | |
| 发展计划/(美)刘易斯(Lewis,W.A.)著/何宝玉译.-北京:北京经济学院出版社,1988.5 |
| 280页;20厘米.-(诺贝尔经济学奖获得者著作丛书) |
| ISBN 7-5638-0013-1:CNY3.15 |
| ● |
| 相关链接 |
|
|
|
|
正题名:发展计划
索取号:F21/38
 
预约/预借
| 序号 | 登录号 | 条形码 | 馆藏地/架位号 | 状态 | 备注 |
| 1 | 0257442 | 000204184 | 第一样本阅览室/ [索取号:F21/38] | 在馆 | |
| 2 | 0257443 | 000204193 | 第一借阅区/ [索取号:F21/38] | 在馆 | |
| 3 | 0257444 | 000204200 | 第一借阅区/ [索取号:F21/38] | 在馆 |